Najważniejsze Czasopisma Społeczno-Polityczne w Polsce - Statystyki

Ogólne statystyki
  • Ten quiz został rozwiązany 17 razy
  • Średni wynik to 4 z 15
Statystyki odpowiedzi
Typ Profil Tytuł % Poprawnych
tygodnik przegląd prasy Angora
64%
tygodnik katolicki/konserwatywny Gość Niedzielny
50%
tygodnik lewicowy/liberalny Polityka
50%
tygodnik prawicowy/konserwatywny Do Rzeczy
36%
tygodnik lewicowy/liberalny Newsweek
36%
tygodnik katolicki/liberalny Tygodnik Powszechny
36%
tygodnik katolicki/konserwatywny Niedziela
29%
tygodnik prawicowy/konserwatywny Gazeta Polska
21%
tygodnik prawicowy/konserwatywny Sieci
21%
dwutygodnik libertariański/prawicowy Najwyższy Czas
14%
tygodnik lewicowy/socjalistyczny Przegląd
14%
kwartalnik lewicowy/liberalny Przekrój
7%
miesięcznik katolicki/liberalny Znak
7%
miesięcznik lewicowy/liberalny Pismo
0%
dwumiesięcznik lewicowy/LGBT Replika
0%
Nie znaleziono quizów pasujących do podanych kryteriów
Rozkład punktacji
Procent ludzi z każdym wynikiem
Percentyl według liczby udzielonych odpowiedzi
Twoja historia wyników
Nie rozwiązałeś tego quizu